INFORMATION & COMMUNICATION TECHNOLOGY IN EDUCATION (Record no. 18408)
[ view plain ]
| 000 -LEADER | |
|---|---|
| fixed length control field | 00284nam a22001217a 4500 |
| 003 - CONTROL NUMBER IDENTIFIER | |
| control field | SGT |
| 082 ## - DEWEY DECIMAL CLASSIFICATION NUMBER | |
| Classification number | 370 |
| Item number | NAY |
| 100 ## - MAIN ENTRY--PERSONAL NAME | |
| Personal name | NAYAK, R.K. |
| 245 ## - TITLE STATEMENT | |
| Title | INFORMATION & COMMUNICATION TECHNOLOGY IN EDUCATION |
| 260 ## - PUBLICATION, DISTRIBUTION, ETC. (IMPRINT) | |
| Place of publication, distribution, etc | DELHI |
| Name of publisher, distributor, etc | RENOVA PUB. |
| Year of Publication | 2019 |
| 300 ## - PAGE DESCRIPTION | |
| No. of Pages | 483 |
| 942 ## - ADDED ENTRY ELEMENTS (KOHA) | |
| Source of classification or shelving scheme | Dewey Decimal Classification |
| Koha item type | Books |
| 942 ## - ADDED ENTRY ELEMENTS (KOHA) | |
| -- | 1 |
| Withdrawn status | Lost status | Source of classification or shelving scheme | Damaged status | Not for loan | Collection code | Home library | Current library | Shelving location | Date acquired | Vendor Name | Cost, normal purchase price | SGTU | Full call number | Accession No. (Barcode) | Date last seen | Bill Date | Koha item type | Total Checkouts | Date last borrowed |
|---|---|---|---|---|---|---|---|---|---|---|---|---|---|---|---|---|---|---|---|
| Dewey Decimal Classification | EDUCATION | SGT Engineering Library | SGT Engineering Library | Text Book | 25/06/2019 | SRB PUB. | 950.00 | SGTU | 370 NAY | ED4291 | 25/06/2019 | 25/06/2019 | Books | ||||||
| Dewey Decimal Classification | EDUCATION | SGT Engineering Library | SGT Engineering Library | Text Book | 25/06/2019 | SRB PUB. | 950.00 | SGTU | 370 NAY | ED4292 | 17/12/2021 | 25/06/2019 | Books | 1 | 17/11/2021 | ||||
| Dewey Decimal Classification | EDUCATION | SGT Engineering Library | SGT Engineering Library | Text Book | 25/06/2019 | SRB PUB. | 950.00 | SGTU | 370 NAY | ED4293 | 25/06/2019 | 25/06/2019 | Books | ||||||
| Dewey Decimal Classification | EDUCATION | SGT Engineering Library | SGT Engineering Library | Text Book | 25/06/2019 | SRB PUB. | 950.00 | SGTU | 370 NAY | ED4294 | 15/01/2024 | 25/06/2019 | Books |